000 00380 a2200157 4500
005 20250509110953.0
008 250509b |||||||| |||| 00| 0 eng d
020 _a9789360531027
041 _aEnglish
100 _aLambert K.A.
245 _aFundamentals Of Python First Programs
250 _a3rd
260 _bCengage Learning India
_c2024
300 _a460
942 _cBK
999 _c359758
_d359758